[Event "Sommerskak"]
[Site "Copenhagen"]
[Date "1995.??.??"]
[Round "9"]
[White "Sjodahl, Pontus"]
[Black "Schandorff, Lars"]
[Result "1/2-1/2"]
[WhiteElo "2415"]
[BlackElo "2490"]

1.d4 d5 2.c4 c6 3.Nf3 Nf6 4.Nc3 a6 5.c5 Nbd7 6.Bf4 g6 7.h3 Bg7 8.e3 O-O 9.Be2 Ne8
10.O-O Nc7 11.Bg3 Re8 12.Na4 f6 13.Qc2 e5 14.dxe5 fxe5 15.e4 d4 16.Ne1 Qe7
17.Bc4+ Kh8 18.Nd3 g5 19.Qe2 Rf8 20.Qh5 Bf6 21.Bh2 Ne8 22.Rae1 Ng7 23.Qh6 Re8
24.h4 Rb8 25.b3 Nf8 26.Nb6 Ng6 27.Nxc8 Rbxc8 28.hxg5 Bxg5 29.Qh3 Rcd8 30.g3 Qd7
31.Qxd7 Rxd7 32.f4 Bf6 33.f5 Nf8 34.Kg2 h6 35.b4 Nh7 36.Re2 Bg5 37.g4 Nf6
38.Nxe5 Rxe5 39.Bxe5 Nxg4 40.Bxg7+ Kxg7 41.Be6 Rd8 42.e5 Ne3+ 43.Rxe3 dxe3
44.f6+ Kg6 45.Bf5+ Kf7 46.Bg4 Kg6 47.Bf5+ Kf7 48.Bg4 Kg6 49.Bf5+  1/2-1/2

[Event "Copenhagen op17"]
[Site "Copenhagen"]
[Date "1995.??.??"]
[Round "10"]
[White "Maksimenko, Andrei"]
[Black "Schneider, Stefan"]
[Result "1-0"]
[WhiteElo "2525"]
[BlackElo "2210"]

1.d4 d5 2.c4 c6 3.Nf3 Nf6 4.Nc3 a6 5.cxd5 cxd5 6.Bf4 Nc6 7.Ne5 e6 8.e3 Bd7
9.Bd3 Rc8 10.O-O Be7 11.Rc1 O-O 12.Qf3 Na7 13.Qh3 Nb5 14.Nxd5 exd5 15.Nxd7 g6
16.Nxf8 Rxc1 17.Rxc1 Bxf8 18.Rc8  1-0

[Event "ESP-chT"]
[Site "Cordoba"]
[Date "1995.??.??"]
[Round "2"]
[White "Oms Pallise, Josep"]
[Black "Manso Gil, Angel"]
[Result "1-0"]
[WhiteElo "2340"]
[BlackElo "2040"]

1.Nf3 d5 2.d4 Nf6 3.c4 c6 4.Nc3 a6 5.Ne5 Nbd7 6.Bf4 Nxe5 7.dxe5 Ne4 8.Nxe4 dxe4
9.Qxd8+ Kxd8 10.O-O-O+ Ke8 11.e3 Bf5 12.h3 e6 13.g4 Bg6 14.Bg5 h6 15.Bh4 Bh7
16.Bg2 g5 17.Bg3 Rd8 18.Rxd8+ Kxd8 19.h4 Bg7 20.hxg5 hxg5 21.Rh5 Bg6 22.Rxg5 Bh6
23.Rxg6 fxg6 24.Bxe4 g5 25.Kd2 Bg7 26.Bg2 Rf8 27.Kd3 Rf7 28.f4 Rd7+ 29.Ke2 gxf4
30.exf4 Rd4 31.b3 b5 32.cxb5 cxb5 33.Ke3 Rd1 34.Bb7 a5 35.Bc6 b4 36.Bb5 Rg1
37.Kf3 Kc7 38.Bh4 Ra1 39.Bf6 Bf8 40.f5 exf5 41.gxf5 Rxa2 42.Ke4 Ra1 43.Kd5 Rc1
44.Ke6 Rc3 45.Ba4 Rf3 46.Bg5 Rg3 47.Be7 Bh6 48.f6 Rf3 49.Kf7 Rg3 50.Bd6+  1-0

[Event "ESP-chT"]
[Site "Cordoba"]
[Date "1995.??.??"]
[Round "3"]
[White "Gil Capape, Javier"]
[Black "Magem Badals, Jorge"]
[Result "1-0"]
[WhiteElo "2425"]
[BlackElo "2520"]

1.d4 d5 2.Nf3 Nf6 3.c4 c6 4.Nc3 a6 5.Ne5 dxc4 6.Nxc4 b5 7.Ne5 Bb7 8.Bf4 e6
9.Rc1 Nbd7 10.e3 Rc8 11.Bd3 c5 12.O-O cxd4 13.exd4 Be7 14.Qe2 O-O 15.Ne4 Bxe4
16.Bxe4 Nxe4 17.Qxe4 Rxc1 18.Rxc1 Nf6 19.Qb7 Qxd4 20.Nc6 Qxf4 21.Nxe7+ Kh8
22.Rc8 Re8 23.Rxe8+ Nxe8 24.Qc8 g6 25.Qxe8+ Kg7 26.Qc6 Qa4 27.h3 Qxa2 28.Qc3+ Kf8
29.Nc6 Kg8 30.Kh2 Qa4 31.b4 Qd1 32.Qd4 Qc2 33.Ne5 Qc7 34.f4 h5 35.Qd7  1-0

[Event "ESP-chT"]
[Site "Cordoba"]
[Date "1995.??.??"]
[Round "6"]
[White "Rojo Huerta, Gabriel"]
[Black "Manso Gil, Angel"]
[Result "1-0"]
[WhiteElo "2365"]
[BlackElo "2040"]

1.d4 d5 2.c4 c6 3.Nf3 Nf6 4.Nc3 a6 5.Qc2 dxc4 6.a4 Bg4 7.e3 Nbd7 8.Bxc4 e6
9.Ne5 Nxe5 10.dxe5 Bf5 11.e4 Nxe4 12.Nxe4 Bb4+ 13.Ke2 Qd4 14.f3 Bc5 15.Qc3 Bxe4
16.Qxd4 Bxd4 17.fxe4 Bxe5 18.Bd2 O-O-O 19.Bc3 Bxc3 20.bxc3 Rd7 21.a5 Rhd8
22.Ra2 Kc7 23.e5 f6 24.Rb2 fxe5 25.Rhb1 Kb8 26.Bxa6 Ka8 27.Bxb7+  1-0

[Event "CZE-chT 9495"]
[Site "?"]
[Date "1995.??.??"]
[Round "2"]
[White "Dydyshko, Viacheslav"]
[Black "Koutsin, Sergey"]
[Result "1-0"]
[WhiteElo "2495"]
[BlackElo "2435"]

1.d4 d5 2.c4 c6 3.Nf3 Nf6 4.Nc3 a6 5.a4 Bf5 6.Qb3 b6 7.Bg5 e6 8.e3 Be7 9.Be2 h6
10.Bh4 O-O 11.O-O Nbd7 12.Rac1 dxc4 13.Qxc4 b5 14.Qxc6 b4 15.Nb1 Qa5 16.Nbd2 Rfc8
17.Qxc8+ Rxc8 18.Rxc8+ Kh7 19.b3 Nb6 20.Rc6 g5 21.Bg3 Nfd5 22.e4 Nc3 23.Bd3 Bg6
24.Bc7 Nxe4 25.Bxb6 Qd5 26.Bxe4 Bxe4 27.Rcc1 Bxf3 28.Nxf3 Bf6 29.Rc4 a5 30.Re1 Qf5
31.Ne5 Bxe5 32.dxe5 Qd3 33.Bxa5 Qxb3 34.Rxb4 Qc3 35.Reb1 Qxe5 36.Bb6  1-0

[Event "CZE-chT 9495"]
[Site "?"]
[Date "1995.??.??"]
[Round "7"]
[White "Pekarek, Ales"]
[Black "Berezjuk, Sergej"]
[Result "0-1"]
[WhiteElo "2450"]
[BlackElo "2395"]

1.d4 d5 2.c4 c6 3.Nf3 Nf6 4.Nc3 a6 5.e3 b5 6.cxb5 cxb5 7.Bd3 Nbd7 8.O-O e6
9.Ne2 Bd6 10.Bd2 O-O 11.Ng3 Bb7 12.a4 b4 13.a5 Ne4 14.Qa4 Qe7 15.Rfc1 Nxd2
16.Nxd2 g6 17.Rc2 Rfc8 18.Rac1 Rxc2 19.Rxc2 e5 20.Nb3 h5 21.Nf1 h4 22.h3 e4
23.Be2 f5 24.Qa1 Kh7 25.Qc1 Qd8 26.f4 Rc8 27.Rxc8 Qxc8 28.Qxc8 Bxc8 29.g3 hxg3
30.Kg2 Nb8 31.h4 Kh6 32.Nxg3 Nc6 33.h5 Bc7 34.hxg6 Nxa5 35.Nc5 Nc4 36.Kf2 a5
37.b3 Nd6 38.Bh5 Bd8 39.Kg2 Bh4 40.Kh3 Be7 41.Kg2 Kg7 42.Kf2 Bd8 43.Kg2 Nb5
44.Ne2 Bb6 45.Na4 Ba7 46.Ng3 Nd6 47.Kf2 Nb7 48.Ke1 Bd7 49.Kd2 Kf6 50.Kc2 Nd6
51.Nc5 Bc8 52.Kd2 Bxc5 53.dxc5 Nb7 54.c6 Nd8 55.g7 Kxg7 56.c7 Nc6 57.Be8 Na7
58.Kc2 Kf8 59.Bg6 Ke7 60.Bxf5 Kd6 61.Bg6 Nb5 62.Nh5 Nxc7 63.Ng3 Bg4 64.Bf7 Ke7
65.Bg6 Kf6 66.Bh5 Bxh5 67.Nxh5+ Kf5 68.Ng3+ Kg4 69.Ne2 Ne6 70.Kd2 d4 71.Nc1 d3
72.Nxd3 exd3 73.Kxd3 Kf5 74.Kc4 Nc7 75.Kc5 Ke4 76.Kc4 Kxe3 77.f5 Ne8 78.Kb5 Kd4  0-1

[Event "CZE-chT1c 9495"]
[Site "?"]
[Date "1995.??.??"]
[Round "3"]
[White "Haba, Petr"]
[Black "Velicka, Petr"]
[Result "1/2-1/2"]
[WhiteElo "2440"]
[BlackElo "2425"]

1.d4 d5 2.c4 c6 3.Nf3 Nf6 4.Nc3 a6 5.e3 b5 6.b3 Bg4 7.Be2 e6 8.O-O Nbd7 9.h3 Bxf3
10.Bxf3 Bb4 11.Bb2 O-O 12.Qe2 Re8 13.e4 e5 14.dxe5 Nxe5 15.cxd5 cxd5 16.Nxd5 Nxd5
17.exd5 Nc4 18.Qc2 Nd2 19.a3 Nxf3+ 20.gxf3 Bd6 21.Qf5 g6 22.Qf6  1/2-1/2

[Event "CZE-chT1c 9495"]
[Site "?"]
[Date "1995.??.??"]
[Round "5"]
[White "Misiuga, Andrzej"]
[Black "Pisk, Petr"]
[Result "1-0"]
[WhiteElo "2225"]
[BlackElo "2290"]

1.d4 d5 2.c4 c6 3.Nf3 Nf6 4.Nc3 a6 5.c5 g6 6.Bg5 Bg7 7.e3 O-O 8.Bd3 Bg4 9.Qb3 Bxf3
10.gxf3 Qc8 11.h4 e5 12.dxe5 Nfd7 13.f4 Nxc5 14.Qd1 Qe6 15.h5 Nbd7 16.Bc2 a5
17.Qf3 Rfe8 18.hxg6 hxg6 19.Qg3 Kf8 20.Rh7 Ne4 21.Nxe4 dxe4 22.Bb3 Qf5 23.Qh4 Kg8
24.O-O-O a4 25.Rxg7+ Kxg7 26.Rh1  1-0

[Event "CZE-chT1c 9495"]
[Site "?"]
[Date "1995.??.??"]
[Round "11"]
[White "Jurasek, Miroslav"]
[Black "Skola, Miroslav"]
[Result "0-1"]
[WhiteElo "2240"]
[BlackElo "2240"]

1.Nf3 d5 2.d4 Nf6 3.c4 c6 4.Nc3 a6 5.e3 b5 6.cxd5 cxd5 7.Bd3 Bb7 8.Ne5 Nbd7
9.f4 e6 10.O-O Bd6 11.Bd2 O-O 12.Rc1 Rc8 13.a4 b4 14.Na2 Qb6 15.Rf3 Rfd8
16.Rh3 Nf8 17.Be1 Rxc1 18.Nxc1 Ne4 19.Nb3 f6 20.Bxe4 dxe4 21.Nc4 Qc7 22.Nxd6 Qxd6
23.g4 Bc6 24.Qd2 Bd5 25.Nc5 a5 26.Qf2 Qe7 27.Qh4 g6 28.Qh6 Nd7 29.Bh4 Qg7
30.g5 Qxh6 31.gxh6 Kf7 32.Nxd7 Rxd7 33.Rg3 Rc7 34.Rg2 Rc1+ 35.Kf2 Bb3 36.Kg3 Bxa4  0-1

[Event "Dortmund op"]
[Site "Dortmund"]
[Date "1995.??.??"]
[Round "1"]
[White "Straeter, Timo"]
[Black "Wunderlich, R."]
[Result "1-0"]
[WhiteElo "2310"]
[BlackElo "1830"]

1.d4 Nf6 2.Nf3 d5 3.c4 c6 4.Nc3 a6 5.cxd5 cxd5 6.Bf4 Nc6 7.e3 Bg4 8.h3 Bxf3
9.Qxf3 e6 10.Bd3 Bd6 11.Bg5 h6 12.Bh4 Be7 13.Rc1 Rc8 14.O-O O-O 15.Bb1 Ne8
16.Bg3 Bd6 17.Na4 Bxg3 18.Qxg3 Qd6 19.Qf3 Nf6 20.Nc5 Rc7 21.Rc3 Rfc8 22.Rfc1 e5
23.dxe5 Nxe5 24.Qf5 g6 25.Nxb7 Qe7 26.Rxc7 gxf5 27.Rxc8+ Kg7 28.R8c7 Qb4
29.Bxf5 Qxb2 30.Nd8 Qb6 31.Ne6+ Kh8 32.Rb1 Qxb1+ 33.Bxb1 fxe6 34.Ra7  1-0

[Event "Eger Cup"]
[Site "Eger"]
[Date "1995.??.??"]
[Round "?"]
[White "Seres, Lajos"]
[Black "Dovzik, Juri"]
[Result "1-0"]
[WhiteElo "2430"]
[BlackElo "2370"]

1.d4 d5 2.c4 c6 3.Nf3 Nf6 4.Nc3 a6 5.a4 g6 6.Bf4 Bg7 7.e3 O-O 8.Qb3 Qa5 9.Bd3 dxc4
10.Bxc4 b5 11.Bxb8 c5 12.Bxb5 axb5 13.Be5 c4 14.Qd1 b4 15.Ne2 Bb7 16.Nf4 Nh5
17.Nxh5 gxh5 18.Bf4 Rae8 19.O-O  1-0

[Event "Eger"]
[Site "Eger"]
[Date "1995.??.??"]
[Round "?"]
[White "Kaposztas, Miklos"]
[Black "Birk, Steffen"]
[Result "1/2-1/2"]
[WhiteElo "2310"]
[BlackElo "2270"]

1.d4 d5 2.Nf3 Nf6 3.c4 c6 4.Nc3 a6 5.a4 e6 6.Bg5 Nbd7 7.cxd5 exd5 8.Qc2 Be7
9.e3 O-O 10.Bd3 Re8 11.O-O Nf8 12.Bxf6 Bxf6 13.b4 Bg4 14.Nd2 Qd6 15.b5 axb5
16.axb5 Rxa1 17.Rxa1 Bc8 18.bxc6 bxc6 19.Nb3 Bd8 20.Rc1 Bd7 21.Nc5 Bc8 22.N3a4 g6
23.Na6 Ne6 24.Qc3 Bxa6 25.Bxa6 c5 26.Bb5 cxd4 27.exd4 Rf8 28.Nc5 Bf6 29.Nxe6  1/2-1/2

[Event "Eger Cup"]
[Site "Eger"]
[Date "1995.??.??"]
[Round "?"]
[White "Hevesi, Zoltan"]
[Black "Dovzik, Juri"]
[Result "0-1"]
[WhiteElo "2200"]
[BlackElo "2370"]

1.d4 d5 2.c4 c6 3.Nf3 Nf6 4.Nc3 a6 5.a4 g6 6.e3 Bg7 7.Bd3 O-O 8.O-O Bg4 9.h3 Bxf3
10.Qxf3 e5 11.dxe5 Nfd7 12.cxd5 Nxe5 13.Qe2 cxd5 14.e4 Nxd3 15.Qxd3 dxe4
16.Qxe4 Nc6 17.Rd1 Qa5 18.Be3 Rfe8 19.Qf3 Rad8 20.Nd5 Ne5 21.Nf6+ Kh8 22.Qf4 Re6
23.Nxh7 f6 24.Qh4 Kg8 25.b4 Qc7 26.a5 Rxd1+ 27.Rxd1 Rd6 28.Rc1 Qd7 29.Bc5 Rd1+
30.Rxd1 Qxd1+ 31.Kh2 Qd8 32.f4 Nd7 33.Bd6 Qe8 34.Bc5 Qc8 35.Bd6 Qc6 36.Be7 Qe6
37.Bd8  0-1

[Event "RUS-ch"]
[Site "Elista"]
[Date "1995.??.??"]
[Round "1"]
[White "Pushkov, Nikolai"]
[Black "Epishin, Vladimir"]
[Result "1/2-1/2"]
[WhiteElo "2515"]
[BlackElo "2640"]

1.Nf3 Nf6 2.c4 c6 3.Nc3 d5 4.d4 a6 5.a4 e6 6.Bg5 Nbd7 7.e3 Be7 8.Bd3 O-O
9.O-O dxc4 10.Bxc4 c5 11.a5 cxd4 12.exd4 b5 13.axb6 Nxb6 14.Be2 Bb7 15.Ne5 h6
16.Bh4 Nfd7 17.Bxe7 Qxe7 18.Nxd7 Qxd7 19.Na4 Nxa4 20.Rxa4 Rfd8 21.Qa1 Qc6
22.Bf3 Qb6 23.Bxb7 Qxb7 24.Rc1 Rd6 25.h3 Rad8 26.Rcc4 e5 27.Rab4 Qe4 28.d5 Qxd5
29.Qa3 Rg6 30.Rg4 Rdd6 31.Rb8+ Kh7 32.Qb3 Qxb3 33.Rxb3 Rd1+ 34.Kh2 Rf6 35.f3 Rd2
36.h4 g6 37.Ra4 Kg7 38.Rba3 Rxb2 39.Rxa6 Rf4 40.R6a4 Rxa4 41.Rxa4 Rd2 42.Kg3 Rd3
43.Ra5 Kf6 44.Ra6+ Kf5 45.Ra7 Ke6 46.Ra6+ Rd6 47.Ra5 f5 48.Ra8 Kd5 49.Kf2 Rb6
50.Rd8+ Ke6 51.Kg3 Rb1 52.h5 gxh5 53.Rh8 h4+ 54.Kxh4 Kd5 55.Rf8 f4 56.Rd8+ Ke6
57.Re8+ Kf6 58.Rf8+ Ke7 59.Rh8 Rg1 60.Rh7+ Kf6 61.Rxh6+ Kg7 62.Re6 Rxg2 63.Rxe5 Kf6
64.Ra5 Rg1  1/2-1/2

[Event "FIN-ch-B"]
[Site "FIN"]
[Date "1995.??.??"]
[Round "?"]
[White "Tella, Jussi"]
[Black "Sammalvuo, Tapani"]
[Result "1/2-1/2"]
[WhiteElo "2240"]
[BlackElo "2390"]

1.d4 d5 2.c4 c6 3.Nc3 Nf6 4.Nf3 a6 5.a4 e6 6.Bg5 Nbd7 7.e3 Qa5 8.Be2 Ne4
9.O-O Nxg5 10.Nxg5 Be7 11.f4  1/2-1/2

[Event "FIN-ch"]
[Site "FIN"]
[Date "1995.??.??"]
[Round "?"]
[White "Norri, Joose"]
[Black "Laine, Panu"]
[Result "1/2-1/2"]
[WhiteElo "2380"]
[BlackElo "2190"]

1.d4 d5 2.c4 c6 3.Nf3 Nf6 4.Nc3 a6 5.a4 e6 6.Bg5 Nbd7 7.e3 Qa5 8.Nd2 Ne4
9.Ndxe4 dxe4 10.Bh4 Bb4 11.Qc2 O-O 12.Be2 f5 13.O-O Bd6 14.c5 Bb8 15.Bc4 Nf6
16.f3 exf3 17.Rxf3 Kh8 18.Raf1 b5 19.Bb3 Qc7 20.Bg3 Qe7 21.e4 Bxg3 22.Rxg3 b4
23.e5 Nh5 24.Rh3 bxc3 25.Rxh5 cxb2 26.Qxb2 Rb8 27.Rh3 Rb4 28.Qc3 a5 29.Rd1  1/2-1/2

[Event "FIN-chT"]
[Site "FIN"]
[Date "1995.??.??"]
[Round "?"]
[White "Manninen, Marko"]
[Black "Pulkkinen, Kari"]
[Result "1/2-1/2"]
[WhiteElo "2365"]
[BlackElo "2365"]

1.d4 d5 2.c4 c6 3.Nc3 Nf6 4.Nf3 a6 5.e3 b5 6.cxd5 cxd5 7.Bd3 Bb7 8.O-O e6
9.Ne5 Bd6 10.f4 O-O 11.Bd2 Nbd7 12.Ne2 Ne4 13.Be1 Nb6 14.Ba5 Bc7 15.Rc1 f6
16.Nf3 Rc8 17.b3 Nd7 18.Rxc7 Rxc7 19.Qb1 Qc8 20.Bxc7 Qxc7 21.Rc1 Qd6 22.Nc3 Rc8
23.Ne2 Rxc1+ 24.Qxc1 Nb8 25.Qc2  1/2-1/2

[Event "Finkenstein op"]
[Site "Finkenstein"]
[Date "1995.??.??"]
[Round "5"]
[White "Huber, F."]
[Black "Petek, Pavel"]
[Result "0-1"]
[WhiteElo "1705"]
[BlackElo "2065"]

1.d4 Nf6 2.Nf3 d5 3.c4 c6 4.Nc3 a6 5.cxd5 cxd5 6.g3 b5 7.Bg2 Bb7 8.O-O e6
9.Bg5 Be7 10.Ne5 Nbd7 11.f4 O-O 12.e3 Nb6 13.f5 Ne4 14.Bxe7 Qxe7 15.Nxe4 dxe4
16.fxe6 Qxe6 17.Qe2 f6 18.Ng4 Rac8 19.Bh3 Qc4 20.Qd2 Qc2 21.Rf2 Qxd2 22.Rxd2 h5
23.Nf2 f5 24.Bf1 Rf6 25.Nd1 Nd5 26.Kf2 Rfc6 27.a3 Kf7 28.b4 g5 29.Be2 h4
30.gxh4 g4 31.Bf1 Rf6 32.a4 f4 33.exf4 Rxf4+ 34.Ke1 Nxb4 35.axb5 Nc2+ 36.Rxc2 Rxc2
37.bxa6 Ba8 38.h3 Rf3 39.Ra5 e3 40.Re5 Rd2 41.Nxe3 Rxd4 42.Ke2 Ra4 43.Nd5 Rb3
44.Ke1 Ra1+ 45.Kf2 Ra2+ 46.Kg1 Rg3+  0-1

[Event "Finkenstein op"]
[Site "Finkenstein"]
[Date "1995.??.??"]
[Round "5"]
[White "Soln, Primoz"]
[Black "Podkriznik, Gregor"]
[Result "1-0"]
[WhiteElo "2280"]
[BlackElo "2210"]

1.d4 d5 2.c4 c6 3.Nc3 Nf6 4.Nf3 a6 5.c5 g6 6.h3 Bg7 7.Bf4 O-O 8.e3 Nbd7 9.Be2 Ne8
10.O-O Nc7 11.b4 f6 12.Qb3 Kh8 13.a4 e5 14.Bh2 e4 15.Nd2 f5 16.Bd6 Rf7 17.f3 exf3
18.Nxf3 Ne6 19.Rad1 Qe8 20.Na2 f4 21.Rfe1 Bh6 22.e4 dxe4 23.Bc4 Nd8 24.Ne5 Nxe5
25.Bxe5+ Bg7 26.Bxf7 Nxf7 27.Bxf4 Bf5 28.Nc3 Rd8 29.Be3 Qd7 30.Qb2 Qe6 31.Ne2 Qd7
32.b5 axb5 33.axb5 g5 34.bxc6 bxc6 35.Ng3 Bg6 36.Qe2 Qd5 37.Nh5 h6 38.Nxg7 Kxg7
39.Rf1 Rd7 40.Qf2 Qe6 41.Ra1 Rb7 42.Ra8 Rd7 43.Qb2 Qd5 44.Qb8 Nd8 45.Ra7 Rxa7
46.Qxa7+ Nf7 47.Qe7 Qb3 48.Qf6+ Kh7 49.Re1 Qd5 50.Rb1 Qa2 51.Rb7 Qd5 52.Rb6 Nd8
53.Qe7+ Nf7 54.Qc7  1-0

[Event "Frydek-Mistek op"]
[Site "Frydek-Mistek"]
[Date "1995.??.??"]
[Round "?"]
[White "Michenka, Jozef"]
[Black "Svobodova, Michaela"]
[Result "1-0"]
[WhiteElo "2360"]
[BlackElo "2120"]

1.d4 d5 2.c4 c6 3.Nf3 Nf6 4.Nc3 a6 5.e3 b5 6.b3 Bg4 7.Bd3 Nbd7 8.O-O e6 9.h3 Bh5
10.a4 b4 11.Ne2 Bxf3 12.gxf3 a5 13.f4 Bd6 14.Kg2 O-O 15.Ng1 Ne4 16.Nf3 f5
17.Ne5 Bxe5 18.fxe5 Qh4 19.Qe1 Ng5 20.Rh1 dxc4 21.bxc4 c5 22.f3 Qh5 23.Be2 f4
24.exf4 Nf7 25.d5 Ra6 26.d6 Ndxe5 27.fxe5 Nxe5 28.Rf1 Rxd6 29.Be3 Rf6 30.f4 Rg6+
31.Kh2 Ng4+ 32.Bxg4 Rxg4 33.Qe2 Rh4 34.Qxh5 Rxh5 35.Rad1 Rxd1 36.Rxd1 e5
37.Rd5 b3 38.Bc1 Rh6 39.fxe5 Rb6 40.Bb2 Rb4 41.e6 Kf8 42.Rd7 Rxc4 43.Bxg7+ Kg8
44.Bf6  1-0

[Event "Frydek-Mistek op"]
[Site "Frydek-Mistek"]
[Date "1995.??.??"]
[Round "?"]
[White "Szypulski, Andrzej"]
[Black "Novosak, Jiri"]
[Result "1/2-1/2"]
[WhiteElo "2160"]
[BlackElo "2395"]

1.d4 d5 2.c4 c6 3.Nf3 Nf6 4.Nc3 a6 5.c5 Nbd7 6.Bf4 Nh5 7.Be3 g6 8.g3 Bg7
9.Bg2 O-O 10.O-O f5 11.Qc1 e5 12.dxe5 Nxe5 13.Nxe5 Bxe5 14.Qd2 Be6 15.Bd4 Bxd4
16.Qxd4 Qf6 17.Rad1 Qxd4 18.Rxd4 f4 19.Bf3 fxg3 20.hxg3 Nf6 21.Rc1 Nd7 22.Nd1 Ne5
23.Rc3 Rae8 24.b3 Re7 25.Kg2 h5 26.Re3 Bc8 27.Nb2 Rfe8 28.Nd3 Nxd3 29.Rexd3 Bf5
30.Rd2 Be4 31.Bxe4 Rxe4 32.Rxe4 Rxe4 33.f3 Re3 34.Rc2 Kf7 35.Kf2 Re7 36.b4 Kf6
37.e3 Re5 38.a4 Re6 39.Rc1 Re8  1/2-1/2

[Event "Troll Masters"]
[Site "Gausdal"]
[Date "1995.??.??"]
[Round "4"]
[White "Rogers, Ian"]
[Black "Engqvist, Thomas"]
[Result "1-0"]
[WhiteElo "2570"]
[BlackElo "2415"]

1.d4 Nf6 2.c4 c6 3.Nc3 d5 4.Nf3 a6 5.Bg5 Ne4 6.h4 Nxc3 7.bxc3 dxc4 8.e4 b5
9.Ne5 Be6 10.f4 g6 11.h5 Rg8 12.hxg6 hxg6 13.Rh7 f6 14.f5 Bc8 15.Nxg6  1-0

[Event "Arnold Cup"]
[Site "Gausdal"]
[Date "1995.??.??"]
[Round "9"]
[White "Giddins, Stephen"]
[Black "Sammalvuo, Tapani"]
[Result "1-0"]
[WhiteElo "2290"]
[BlackElo "2390"]

1.d4 d5 2.c4 c6 3.Nf3 Nf6 4.Nc3 a6 5.e3 b5 6.b3 Bg4 7.Be2 e6 8.O-O Nbd7 9.Bb2 Bd6
10.h3 Bh5 11.Ne5 Bxe2 12.Nxe2 Qc7 13.cxd5 cxd5 14.Rc1 Qb7 15.Qc2 O-O 16.Qc6 Qxc6
17.Rxc6 Bb8 18.Rfc1 Nxe5 19.dxe5 Nd7 20.f4 Ba7 21.Bd4 Rfb8 22.Rc7 Bxd4 23.Nxd4 Nb6
24.Nc6 Re8 25.Rb7 Nc8 26.Nd4 Kf8 27.Rcc7 Re7 28.Nc6  1-0

[Event "BL2-W9495"]
[Site "Germany"]
[Date "1995.??.??"]
[Round "?"]
[White "Oswald, Hans Joachim"]
[Black "Fischdick, Gisela"]
[Result "0-1"]
[WhiteElo "2335"]
[BlackElo "2300"]

1.Nf3 d5 2.d4 Nf6 3.c4 c6 4.Nc3 a6 5.e3 b5 6.cxd5 cxd5 7.Ne5 e6 8.Bd3 Bd6
9.f4 O-O 10.a3 Bb7 11.Qf3 Nbd7 12.O-O Nb6 13.g4 Nc4 14.g5 Bxe5 15.fxe5 Ne4
16.Bxe4 dxe4 17.Qg4 Rc8 18.Rf4 g6 19.h4 Qe7 20.Rf2 Rc7 21.Nxe4 Bxe4 22.Qxe4 Rfc8
23.Bd2 Nxd2 24.Rxd2 b4 25.axb4 Qxb4 26.Qd3 Rc1+ 27.Rxc1 Rxc1+ 28.Rd1 Rxd1+
29.Qxd1 Qxb2 30.Qa4 Qe2 31.Qd7 Qxe3+ 32.Kf1 Kg7 33.Qd8 Qf3+ 34.Ke1 Qd5 35.Qf6+ Kg8
36.Qf2 a5 37.Kd1 Qb3+ 38.Kc1 a4 39.Qb2 Qe3+ 40.Kb1 Qe4+ 41.Ka2 Qxh4 42.Qb8+ Kg7
43.Qd8 Qf4 44.Ka3 h6 45.gxh6+ Kxh6 46.Kxa4 g5 47.Qh8+ Kg6 48.Kb5 g4 49.Qg8+ Kh5
50.Qh7+ Kg5 51.Qg7+ Kh4 52.Qh7+ Kg3 53.Qd3+ Qf3 54.Qd2 Kh3 55.Kc5 g3 56.Qh6+ Kg2
57.Qd2+ Qf2 58.Qd1 Kh2 59.Qh5+ Kg1 60.Qd1+ Qf1 61.Qd2 g2  0-1

[Event "BL2-W9495"]
[Site "Germany"]
[Date "1995.??.??"]
[Round "?"]
[White "Molinaroli, Martin"]
[Black "Luethgens, Eike"]
[Result "1-0"]
[WhiteElo "2280"]
[BlackElo "2230"]

1.Nf3 d5 2.d4 Nf6 3.c4 c6 4.Nc3 a6 5.cxd5 cxd5 6.Bf4 Nc6 7.e3 Bg4 8.Be2 e6
9.O-O Bd6 10.Bxd6 Qxd6 11.Rc1 O-O 12.Na4 Nd7 13.a3 Rfc8 14.Nc5 Bxf3 15.Bxf3 b6
16.Nxd7 Qxd7 17.Qd3 f5 18.b4 Nd8 19.g4 g6 20.gxf5 gxf5 21.Rxc8 Qxc8 22.Kh1 Ra7
23.Rg1+ Rg7 24.Qb1 Nf7 25.Rxg7+ Kxg7 26.Qg1+ Kf6 27.Bh5 Qc7 28.Qg8 Nh6 29.Qf8+ Kg5
30.Bf3 Kg6 31.h4 b5 32.Kg2 Qg7 33.Bh5+  1-0

[Event "Oberliga Nord O9495"]
[Site "Germany"]
[Date "1995.??.??"]
[Round "?"]
[White "Schoene, Ralf"]
[Black "Muse, Drazen"]
[Result "1-0"]
[WhiteElo "2360"]
[BlackElo "2295"]

1.d4 d5 2.c4 c6 3.Nf3 Nf6 4.Nc3 a6 5.c5 Bf5 6.Qb3 Qc8 7.h3 e6 8.Nh4 Be7 9.Nxf5 exf5
10.Bf4 O-O 11.e3 Nbd7 12.Bd3 g6 13.O-O-O Ne4 14.Rdf1 Nxc3 15.bxc3 Nf6 16.Kd2 Rd8
17.Rb1 Rd7 18.Rb2 Bd8 19.Rhb1 Ra7 20.Ke2 Bc7 21.g3 Bxf4 22.gxf4 Qf8 23.Qd1 Nh5
24.Qg1 Ng7 25.Rb3 h6 26.Kd2 Kh7 27.Kc2 Qe7 28.Qg3 Ra8 29.Kb2 Rc8 30.Ka1 Rcc7
31.h4 Qf6 32.Rh1 h5 33.Qg1 Re7 34.Qc1 Qe6 35.Qa3 Ne8 36.Rb2 Nf6 37.Qb3 Rcd7
38.Qc2 Kh8 39.Rbb1 Rd8 40.a3 Red7 41.Rhg1 Ng4 42.Qe2 Qf6 43.Rh1 Re8 44.Rb2 Qd8
45.Ka2 Kg7 46.Qc2 Nh6 47.Qb1 Rde7 48.Rg1 Kh8 49.Rg5 Qa5 50.Rb3 Kh7 51.Rg1 Qd8
52.Re1 Rc7 53.Rb2 Rd7 54.Rh1 Qf6 55.Qg1 Ng8 56.Qg5 Qe6 57.Re1 Ne7 58.Be2 f6
59.Qg3 Nc8 60.Rg1 Rg7 61.Qg2 Ree7 62.Qf1 Qd7 63.Qb1 Kh8 64.Bd3 Qc7 65.Qc2 Qa5
66.Qb3 Ref7 67.Qb4 Qd8 68.Rbb1 Rc7 69.a4 Ne7 70.Qa5 Qd7 71.Rg3 Ng8 72.Rbg1 Kh7
73.Be2 Qe6 74.Qb4 Nh6 75.R3g2 Rce7 76.Bd3 Ng4 77.Re1 Qd7 78.Re2 Rg8 79.Rg1 Qe6
80.Rge1 Rge8 81.Qb1 Qf7 82.Rb2 Kh6 83.Ree2 Rc7 84.Qg1 Rce7 85.Rb6 Kh7 86.Reb2 Rc7
87.Ka1 Ree7 88.Bb1 Qe8 89.Ba2 Red7 90.Bb1 Re7 91.Qc1 Nh6 92.Bd3 Nf7 93.Qb1 Nd8
94.Rd2 Qf7 95.Rd1 Ne6 96.Rg1 Nf8 97.Qc2 Kh8 98.Rg2 Qe6 99.Rxg6 Nxg6 100.Bxf5 Qg8
101.Bxg6 Rg7 102.f5 Rge7 103.Rb1 Re4 104.Rh1 Qf8 105.Qe2 Qh6 106.Qf3 Rd7
107.Qg3 Qf8 108.Rb1 Qd8 109.Rb6 Rg4 110.Qh2 Re4 111.Kb2 Rc7 112.Qh1 Rce7
113.Ka3 Kg8 114.a5 Kf8 115.Ka4 Rg7 116.c4 Rge7 117.cxd5 cxd5 118.Kb4 Kg7
119.Bxh5 Kh8 120.Bf3 Qd7 121.Bxe4 dxe4 122.Qh2 Rf7 123.Qf4 Kh7 124.Qxe4 Rg7
125.Qe6 Qc7 126.Qxf6 Qd7 127.Qh6+ Kg8 128.Qe6+  1-0

[Event "BL2-S9495"]
[Site "Germany"]
[Date "1995.??.??"]
[Round "?"]
[White "Ostl, Andreas"]
[Black "Velicka, Petr"]
[Result "1/2-1/2"]
[WhiteElo "2345"]
[BlackElo "2415"]

1.d4 Nf6 2.Nf3 d5 3.c4 c6 4.Nc3 a6 5.cxd5 cxd5 6.Bg5 Ne4 7.Qb3 Nxg5 8.Nxg5 e6
9.Nf3 Nc6 10.e3 Bd6 11.Bd3 Bd7 12.e4 dxe4 13.Bxe4 Rb8 14.Rd1 O-O 15.O-O g6
16.Rfe1 Qc7 17.g3 Rfd8 18.Bxc6 Bxc6 19.d5 exd5 20.Nxd5 Bxd5 21.Rxd5 Be7 22.Ne5 Bf6
23.Rc5 Qe7 24.Qc4 b5 25.Qc1 Re8 26.Rc7 Qb4 27.a3 Qd4 28.Nc6 Rxe1+ 29.Qxe1 Qd6
30.Nxb8 Qxc7 31.Qe8+ Kg7 32.Nd7 Qc1+ 33.Kg2 Qc6+ 34.f3 Qc2+ 35.Kh3 Qf5+ 36.Kg2  1/2-1/2

[Event "BL2-S9495"]
[Site "Germany"]
[Date "1995.??.??"]
[Round "?"]
[White "Wohlfahrt, Herbert J"]
[Black "Velicka, Petr"]
[Result "0-1"]
[WhiteElo "2270"]
[BlackElo "2415"]

1.d4 d5 2.c4 c6 3.Nf3 Nf6 4.Nc3 a6 5.e3 b5 6.b3 Bg4 7.Be2 e6 8.O-O Nbd7 9.h3 Bxf3
10.Bxf3 Bb4 11.Bd2 Qe7 12.Qe2 O-O 13.e4 dxe4 14.Nxe4 Bxd2 15.Qxd2 Nxe4 16.Bxe4 Qd6
17.Rfd1 Ra7 18.Rac1 Nf6 19.Bf3 a5 20.Qe2 b4 21.Qe5 Qc7 22.Qc5 Rc8 23.g3 Nd7
24.Qg5 h6 25.Qe3 Qb6 26.Qe2 Nf6 27.h4 Rd7 28.Qe3 c5 29.dxc5 Qxc5 30.Qxc5 Rxc5
31.Rxd7 Nxd7 32.Rd1 Ne5 33.Bg2 Kf8 34.f4 Ng4 35.Bf3 Ne3 36.Rd3 Nf5 37.Be4 Ke7
38.Bxf5 Rxf5 39.Kg2 Rc5 40.Kf3 a4 41.bxa4 Ra5 42.a3 Rxa4 43.axb4 Rxb4 44.Rc3 Kd6
45.Rd3+ Kc7 46.Ra3 Kb7 47.Rc3 Kb6 48.h5 Kc5 49.Rd3 Rb7 50.Rc3 Kd4 51.Rc1 Ra7
52.Kg4 Re7 53.Kf3 e5 54.fxe5 Rxe5 55.g4 Kc5 56.Kf4 Re7 57.Rc2 Re1 58.Kf3 Rd1
59.Re2 Kxc4 60.Re4+ Kd5 61.Re8 Rf1+ 62.Kg2 Rf6 63.Rg8 g6 64.Rd8+ Ke4 65.hxg6 fxg6
66.Ra8 Rd6 67.Ra4+ Ke5 68.Kg3 Rd3+ 69.Kh4 Re3 70.Ra6 g5+ 71.Kh5 Rh3+ 72.Kg6 Kf4
73.Ra4+ Kg3 74.Kf5 Rh1 75.Ra3+ Kh4 76.Rf3 Ra1 77.Rb3 Ra5+ 78.Kg6 Kxg4 79.Kxh6 Ra6+
80.Kh7 Kh4  0-1

[Event "BL2-W9495"]
[Site "Germany"]
[Date "1995.??.??"]
[Round "?"]
[White "Van Wely, Loek"]
[Black "Conquest, Stuart"]
[Result "0-1"]
[WhiteElo "2560"]
[BlackElo "2505"]

1.d4 d5 2.c4 c6 3.Nc3 Nf6 4.Nf3 a6 5.c5 g6 6.Bf4 Nh5 7.Bd2 Bg7 8.e3 Bg4 9.Qb3 Qc7
10.Be2 Nd7 11.h3 Bxf3 12.Bxf3 Nhf6 13.Qc2 e5 14.b4 O-O 15.g3 Rfe8 16.O-O h5
17.a4 Nh7 18.dxe5 Nxe5 19.Bg2 Nc4 20.Rad1 a5 21.b5 Qe7 22.Ne4 Na3 23.Qa2 Nxb5
24.axb5 dxe4 25.bxc6 bxc6 26.Qa4 Ng5 27.Qxc6 a4 28.Rc1 a3 29.Bc3 Rec8 30.Qd5 Qxc5
31.Qxc5 Rxc5 32.Bxg7 Rxc1 33.Rxc1 Kxg7 34.Ra1 a2 35.Kf1 f5 36.Ke2 Ne6 37.Kd2 Nc5
38.Kc3 Nd3 39.f4 Ra3+ 40.Kd2 Nc5  0-1

[Event "BL2-W9495"]
[Site "Germany"]
[Date "1995.??.??"]
[Round "?"]
[White "Gross, Georg"]
[Black "Fischdick, Gisela"]
[Result "1/2-1/2"]
[WhiteElo "2320"]
[BlackElo "2300"]

1.d4 d5 2.Nf3 Nf6 3.c4 c6 4.Nc3 a6 5.Ne5 e6 6.Bf4 Be7 7.g3 O-O 8.Bg2 Nbd7
9.O-O Nxe5 10.dxe5 Nd7 11.cxd5 exd5 12.e4 dxe4 13.Nxe4 Nc5 14.Qh5 g6 15.Qe2 Qd3
16.Qe1 Nxe4 17.Bxe4 Qb5 18.Qc3 Be6 19.Bd3 Qc5 20.Be3 Qxc3 21.bxc3 b5 22.a4 Bd5
23.f4 Rfd8 24.Bb6 Rdb8 25.Be3 Rf8 26.Bb6 Rfb8  1/2-1/2